Statistics for Famous Iranian or Persian People

Click here to take the quiz!

General Stats

  • This quiz has been taken 171 times
  • The average score is 8 of 18

Answer Stats

HintPerson% Correct
Great king who established the Achaemenid Empire, the first Persian EmpireCyrus the Great
83%
Leader of the 1979 revolutionRuhollah Khomeini
82%
Successor of the above who fought against the 300 Spartan soldiersXerxes the Great
79%
Spiritual leader who founded ZoroastrianismZoroaster
79%
Great king who ruled the empire at its greatest extentDarius the Great
77%
King the above overthrew during that revolutionMohammad Reza Pahlavi
58%
Former president and the current supreme leader of IranAli Khamenei
48%
The controversial predecessor of the aboveMahmoud Ahmadinejad
42%
President who signed the nuclear dealHassan Rouhani
39%
Best-selling poet in the United StatesRumi
38%
Western name of the Islamic Golden age polymath, Abu Ali Sina or Ibn SinaAvicenna
32%
Democratically elected prime minister who was overthrown by the CIA in 1953Mohammad Mosaddegh
32%
Author of the world's longest epic poem created by a single poet, "Shahnameh"Ferdowsi
31%
Founder of the Achaemenid dynastyAchaemenes
20%
Founder of the Bahá'í FaithBahá'u'lláh
19%
Author of "Layla and Majnun"Nizami Ganjavi
17%
"House of Sand and Fog" and "The Expanse" actressShohreh Aghdashloo
8%
Controversial modernist poet and an iconoclast, writing from a female point of viewForough Farrokhzad
6%

Score Distribution

Percentile by Number Answered

Percent of People with Each Score

Your Score History

You have not taken this quiz